000 00310nam a22001457a 4500
008 210527b ||||| |||| 00| 0 eng d
020 _a9781591840923
041 _aeng
080 _a339.138
082 _a339.138
100 _a61
101 _aMAR
245 _aBuzzmarketing
_cHughes,M
942 _2udc
_cBK
999 _c57724
_d57724